• 首页
  • 本馆介绍
  • 公告通知
  • 最新文献
  • 馆藏检索
  • 电子资源
  • 读者导购
  • 参考咨询
  • 我的图书馆
  • 登录
  • 详细信息显示
  • 放入我的书架
  • 预约/预借图书
  • 作者相关作品
  • 分类相关作品
  • 丛书相关作品
  • 出版社相关作品

书目信息

  • 表格格式
  • 工作单格式
  • 卡片格式
题名:
动态经济学
    
 
作者: 哈罗德 著 ;黄范章 译
分册:  
出版信息: 北京   商务印书馆  1981.01
页数: 230页
开本: 19cm
丛书名:
单 册:
中图分类: F037
科图分类:
主题词: 资本主义社会--生产方式
电子资源:
ISBN:
000 00636nam0 2200217 45
001 0309090805
005 20040421143136.0
010    @dCNY0.84
091    @a4017.234
100    @a20030909d1981 km y0chiy0120 ea
101 0  @achi@ceng
105    @aa z 000yy
200 1  @a动态经济学@ADong Tai Jing Ji Xue@f(英)罗伊·哈罗德著@F(Ying)Luo Yi·Ha Luo De Zhu@g黄范章译
210    @a北京@c商务印书馆@d1981.01
215    @a230页@c图表@d19cm
606 0  @a资本主义社会@x生产方式
690    @aF037@v3
701  0 @a哈罗德@4著
702  0 @a黄范章@AHuang Fan Zhang@4译
801    @aCN@bTSTC@c20030909
905    @dF037@e7@f1@b48564@b48566@f1
    
    动态经济学/(英)罗伊·哈罗德著/黄范章译.-北京:商务印书馆,1981.01
    230页:图表;19cm
    
    
    ISBN :CNY0.84
    
●
相关链接 在E读中查询图书 在五车中查询图书 在当当中查询图书 在豆瓣中查询图书


正题名:动态经济学     索取号:F037/7         预约/预借

序号 登录号 条形码 馆藏地/架位号 状态 备注
1 0048564   001270742   第一样本阅览室/ [索取号:F037/7] 在馆    
2 0048565   001820186   密集书库/ [索取号:F037/7] 在馆    
3 0048566   001270751   第一借阅区/ [索取号:F037/7] 在馆    
唐山师范学院图书馆 欢迎您!
大连网信软件有限公司© 版权所有